000 00408nam a2200169 a 4500
001 7006
003 CO-ViMGA
008 141112s2004 ck r 000 u spa d
040 _aCO-ViMGA
_bspa
_cCO-ViMGA
082 0 4 _a635 L663h
100 1 _aLópez Torres, Marcos
_96053
245 1 0 _aHorticultura
260 _aMexico :
_bTrillas,
_c1994
300 _a386 p
650 1 4 _aHORTICULTURA
_9513
942 _2ddc
_cBK
999 _c18973
_d18973